| 000 | 00441nam a2200169Ia 4500 | ||
|---|---|---|---|
| 003 | GCL | ||
| 008 | 140319s9999 xx 000 0 eng d | ||
| 040 |
_aGCL / _cGCL |
||
| 082 | 0 | 4 |
_a616.13 _bC A |
| 100 | 1 | _aCHILD, J. A. | |
| 245 | 1 | 0 |
_aAIDS TO CLINICAL HEMATOLOGY 2ND ED. / _cCHILD, J. A. |
| 700 | 1 | _aCUTHBERT, A. C. | |
| 260 |
_a[S.N] : _bCHURCHILL LIVINGSTONE ، _c1992 |
||
| 300 | _a194 P | ||
| 650 | 0 | 4 | _aHEMATOLOGY |
| 942 |
_2ddc _cBK |
||
| 999 |
_c21450 _d21450 |
||